| 000 | 01125cam a2200313 4500 | ||
|---|---|---|---|
| 999 |
_c28805 _d28776 |
||
| 001 | 1263630 | ||
| 003 | EG-ScBUE | ||
| 005 | 20200923133711.0 | ||
| 008 | 740129s1973 enka f b 001 0 eng d | ||
| 020 | _a041678710X | ||
| 040 |
_aDLC _beng _erda _cDLC _dDLC _dEG-ScBUE |
||
| 043 | _ae-uk--- | ||
| 082 | 0 | 4 |
_a301.3610942 _bROB _222 |
| 100 | 1 |
_aRobson, Brian T. _q(Brian Turnbull), _d1939- _eauthor. |
|
| 245 | 1 | 0 |
_aUrban growth : _ban approach / _cBrian T. Robson, lecturer in geography, University of Cambridge, Fellow of Fitzwilliam College, Cambridge. |
| 264 | 1 |
_aLondon : _bMethuen & Co Ltd, _c1973. |
|
| 300 |
_axiv, 268 pages : _billustrations ; _c24 cm |
||
| 336 |
_2rdacontent _atext _btxt |
||
| 337 |
_2rdamedia _aunmediated _bn |
||
| 338 |
_2rdacarrier _avolume _bnc |
||
| 350 | _a£3.80 | ||
| 504 | _aIncludes bibliographical references and index. | ||
| 650 | 7 |
_aCities and towns _zGreat Britain. _2BUEsh |
|
| 650 | 7 |
_aCities and towns _xGrowth _xCase studies. _2BUEsh |
|
| 653 |
_bHHUUEENN _cSeptember2020 |
||
| 655 |
_vReading book _934232 |
||
| 906 |
_a7 _bcbc _corignew _d3 _encip _f19 _gy-gencatlg |
||
| 942 |
_2ddc _cBB |
||